Egocentricidad y mística : un estudio antropológico /
Guardado en:
| Autor Principal: | |
|---|---|
| Otros Autores: | |
| Formato: | Libro |
| Publicado: |
España :
Gedisa,
2004
|
| Series: | Filosofía. Serie Cla-de-ma
|
| Materias: | |
| Etiquetas: |
Agregar Etiqueta
Sin Etiquetas, Sea el primero en etiquetar este registro!
|
| LEADER | 00716nam a22002295a 4500 | ||
|---|---|---|---|
| 001 | CEM.cems012052 | ||
| 005 | 20060313000000.0 | ||
| 008 | 130507s2004##################000#0#####d | ||
| 003 | CEMS | ||
| 020 | |a 8797840046 | ||
| 082 | 0 | 4 | |a 149.3 |
| 100 | 1 | |a Tugendhat, Ernest | |
| 245 | 1 | 0 | |a Egocentricidad y mística : |b un estudio antropológico / |c Ernest Tugendhat ; traducción de Mauricio Suárez Crothers |
| 260 | |a España : |b Gedisa, |c 2004 | ||
| 300 | |a 189 p. | ||
| 490 | 0 | |a Filosofía. Serie Cla-de-ma | |
| 653 | |a Antropología cultural | ||
| 653 | |a Filosofía | ||
| 653 | |a Egocentricidad | ||
| 653 | |a Mística | ||
| 700 | 1 | |a Suárez Crothers, Mauricio | |
| 859 | |a CEMS |b BIB. CEMS - 11 de abril |h 149.3 |i T81 |p 23266.06 |t Ej.1 | ||
